| 000 | 00338nam a2200133Ia 4500 | ||
|---|---|---|---|
| 005 | 20251222140054.0 | ||
| 008 | 251222s1900||||xx |||||||||||||| ||spa|| | ||
| 020 | _a84-7914-545-5 | ||
| 082 | _a128/S79 | ||
| 100 | _aStein, Edith | ||
| 245 | 0 | _aLa Estructura de la Persona Humana | |
| 264 | _bBiblioteca de Autores Cristianos | ||
| 942 | _cLIB | ||
| 999 |
_c3702 _d3702 |
||